Methods of testing 3vulcanised rubber. Part A 48. Determination of static adhesion to textile cord (H-pull test). (Record no. 73193)

MARC details
000 -LEADER
fixed length control field 00471nam a2200145Ia 4500
245 #0 - TITLE STATEMENT
Title Methods of testing 3vulcanised rubber. Part A 48. Determination of static adhesion to textile cord (H-pull test).
260 ## - PUBLICATION, DISTRIBUTION, ETC. (IMPRINT)
Year of publication 1984
500 ## - GENERAL NOTE
General note Standard number: BS 903 Part A 48 ISO 4647;1982- 1983
650 ## - SUBJECT ADDED ENTRY--TOPICAL TERM
Topical Term H pull test
650 ## - SUBJECT ADDED ENTRY--TOPICAL TERM
Topical Term Static adhesion
650 ## - SUBJECT ADDED ENTRY--TOPICAL TERM
Topical Term Textile cord
650 ## - SUBJECT ADDED ENTRY--TOPICAL TERM
Topical Term Vulcanized rubber
942 ## - ADDED ENTRY ELEMENTS (KOHA)
Koha item type Standards
Holdings
Withdrawn status Lost status Damaged status Not for loan Collection code Home library Current library Date acquired Koha item type
      Standards British standards RRII Library RRII Library 31/12/2021 Standards